[Event "Titled Tuesday intern op 13th Aug Early"]
[Site "Chess.com INT"]
[Date "2024.08.13"]
[Round "11"]
[White "Estrada Nieto, Julian"]
[Black "Kleibel, Uwe"]
[Result "0-1"]
[WhiteElo "2218"]
[BlackElo "2301"]
[PlyCount "80"]
[EventDate "2024.08.13"]
[EventType "swiss (blitz)"]
[EventRounds "11"]
[EventCountry "USA"]
[SourceTitle "EXT 2025"]
[Source "ChessBase"]
[SourceDate "2024.10.14"]
[SourceVersion "1"]
[SourceVersionDate "2024.10.14"]
[SourceQuality "1"]

1. e4 c6 2. d4 d5 3. Nd2 dxe4 4. Nxe4 Nf6 5. Nxf6+ exf6 6. c3 Bd6 7. Bd3 0-0 8. Ne2 Re8 9. Qc2 h5 10. 0-0 h4 11. h3 Nd7 12. Bd2 Nf8 13. Rae1 g6 14. c4 Kg7 15. Bc3 Be6 16. Rd1 Qd7 17. Qd2 Bxh3 18. gxh3 Qxh3 19. f4 Re3 20. Rf2 Rae8 21. Rh2 Qg4+ 22. Rg2 Qh3 23. d5 Bc5 24. Bd4 Rg3 25. Be4 Rxe4 26. Nxg3 Bxd4+ 27. Qxd4 Rxd4 28. Rxd4 hxg3 29. d6 Nd7 30. Re2 a5 31. Rd3 Qg4 32. Re7 Qxf4 33. Re2 Nc5 34. d7 Nxd7 35. Rxd7 Qxc4 36. Rdd2 f5 37. b3 Qc1+ 38. Kg2 f4 39. Rd3 Qc5 40. Rf3 g5 0-1

[Event "Titled Tuesday intern op 13th Aug Late"]
[Site "Chess.com INT"]
[Date "2024.08.13"]
[Round "6"]
[White "Kleibel, Uwe"]
[Black "Huston, Gus"]
[Result "1-0"]
[WhiteElo "2301"]
[BlackElo "2347"]
[PlyCount "91"]
[EventDate "2024.08.13"]
[EventType "swiss (blitz)"]
[EventRounds "11"]
[EventCountry "USA"]
[SourceTitle "EXT 2025"]
[Source "ChessBase"]
[SourceDate "2024.10.14"]
[SourceVersion "1"]
[SourceVersionDate "2024.10.14"]
[SourceQuality "1"]

1. e4 c5 2. Nf3 d6 3. d4 cxd4 4. Qxd4 Nc6 5. Qe3 Nf6 6. h3 g6 7. Be2 Bg7 8. 0-0 0-0 9. Rd1 Qb6 10. Qxb6 axb6 11. Nc3 Nb4 12. Ne1 Nd7 13. Be3 Nc5 14. a3 Bxc3 15. bxc3 Nc6 16. f3 f5 17. Nd3 fxe4 18. Nxc5 exf3 19. Bc4+ Kg7 20. Ne6+ Bxe6 21. Bxe6 fxg2 22. Kxg2 Ra5 23. Rd5 Rf6 24. Rxa5 Rxe6 25. Bxb6 Nxa5 26. Bxa5 Re2+ 27. Kf3 Rxc2 28. Rb1 Ra2 29. Rxb7 Rxa3 30. Bb4 Ra2 31. Rxe7+ Kf6 32. Bxd6 Rc2 33. Re3 g5 34. Be5+ Kf5 35. Bd4 h5 36. Re5+ Kf6 37. Rc5+ Kg6 38. Rc6+ Kh7 39. Rc5 Kg6 40. Ra5 Rh2 41. Kg3 Rd2 42. Ra6+ Kh7 43. Ra7+ Kg6 44. Rg7+ Kh6 45. Rxg5 Rxd4 46. Rxh5+ 1-0